[Event "Olomouc Seniors op"]
[Site "Olomouc"]
[Date "2022.08.15"]
[Round "4"]
[White "Stigar, Petter"]
[Black "Jerman, Richard"]
[Result "1-0"]
[WhiteElo "2212"]
[BlackElo "2038"]
[PlyCount "59"]
[EventDate "2022.08.13"]
[EventType "swiss"]
[EventRounds "9"]
[EventCountry "CZE"]
[SourceTitle "CBM 209 Extra"]
[Source "ChessBase"]
[SourceDate "2022.09.30"]
[SourceVersion "1"]
[SourceVersionDate "2022.09.30"]
[SourceQuality "1"]

1. d4 b5 2. e4 a6 3. Bd3 Bb7 4. Nf3 e6 5. 0-0 c5 6. Re1 c4 7. Bf1 Nf6 8. Bg5 h6 9. Bxf6 Qxf6 10. a4 Qd8 11. Nc3 Bb4 12. Re3 Bxc3 13. bxc3 d6 14. Qb1 Qd7 15. axb5 axb5 16. Rxa8 Bxa8 17. Bxc4 bxc4 18. Qxb8+ Qd8 19. Qb5+ Qd7 20. Qxc4 0-0 21. Qe2 Bb7 22. h3 Qa4 23. Qd2 Ba6 24. e5 d5 25. Nh2 Kh7 26. Ng4 Qb5 27. Rg3 Qe2 28. Qf4 Qxc2 29. Nf6+ Kh8 30. Nd7 1-0

[Event "Marianske Lazne IM-B1 19th"]
[Site "Marianske Lazne"]
[Date "2020.01.23"]
[Round "7"]
[White "Vagman, Roy"]
[Black "Stigar, Petter"]
[Result "1/2-1/2"]
[WhiteElo "2089"]
[BlackElo "2217"]
[PlyCount "35"]
[EventDate "2020.01.18"]
[EventType "tourn"]
[EventRounds "9"]
[EventCountry "CZE"]
[SourceTitle "CBM 194 Extra"]
[Source "ChessBase"]
[SourceDate "2020.03.31"]
[SourceVersion "1"]
[SourceVersionDate "2020.03.31"]
[SourceQuality "1"]

1. e4 e5 2. Nf3 Nf6 3. Nxe5 d6 4. Nf3 Nxe4 5. c4 Nc6 6. Nc3 Nxc3 7. dxc3 Be7 8. h3 Bf5 9. Nd4 Nxd4 10. cxd4 0-0 11. Qf3 Qd7 12. Be2 Bf6 13. Be3 Rfe8 14. 0-0 Be4 15. Qg4 Bf5 16. Qf3 Be4 17. Qg4 Bf5 18. Qf3 1/2-1/2

[Event "Marianske Lazne IM-B1 19th"]
[Site "Marianske Lazne"]
[Date "2020.01.21"]
[Round "5"]
[White "Grabarczyk, Miroslaw"]
[Black "Stigar, Petter"]
[Result "1-0"]
[WhiteElo "2366"]
[BlackElo "2217"]
[PlyCount "67"]
[EventDate "2020.01.18"]
[EventType "tourn"]
[EventRounds "9"]
[EventCountry "CZE"]
[SourceTitle "CBM 194 Extra"]
[Source "ChessBase"]
[SourceDate "2020.03.31"]
[SourceVersion "1"]
[SourceVersionDate "2020.03.31"]
[SourceQuality "1"]

1. d4 e6 2. c4 Nf6 3. Nf3 d5 4. Nc3 dxc4 5. e3 a6 6. a4 c5 7. Bxc4 Nc6 8. 0-0 Qc7 9. Qe2 Be7 10. Bd2 0-0 11. d5 exd5 12. Nxd5 Nxd5 13. Bxd5 Bf6 14. Bc3 Bxc3 15. bxc3 Ne7 16. e4 Bg4 17. Bc4 Rab8 18. Rfb1 Bh5 19. Qe3 Bxf3 20. Qxf3 Qc6 21. a5 Qc7 22. Rd1 Rbd8 23. Bd5 Nxd5 24. Rxd5 Rxd5 25. exd5 Re8 26. g3 h6 27. Rb1 Rd8 28. Rb6 Qe7 29. c4 Rd7 30. Kg2 Qe5 31. Rb3 Qd6 32. h4 Kf8 33. Qg4 Rc7 34. Rxb7 1-0

[Event "Djenovici TS10 IM 3rd"]
[Site "Djenovici"]
[Date "2019.10.27"]
[Round "9"]
[White "Stigar, Petter"]
[Black "Plenkovic, Zdenko"]
[Result "0-1"]
[WhiteElo "2225"]
[BlackElo "2368"]
[PlyCount "98"]
[EventDate "2019.10.19"]
[EventType "tourn"]
[EventRounds "9"]
[EventCountry "MNE"]
[EventCategory "1"]
[SourceTitle "CBM 192 Extra"]
[Source "Chessbase"]
[SourceDate "2019.11.06"]
[SourceVersion "1"]
[SourceVersionDate "2019.11.06"]
[SourceQuality "1"]

1. Nf3 g6 2. d4 Bg7 3. c4 Nf6 4. g3 0-0 5. Bg2 d6 6. 0-0 Nc6 7. Nc3 Bf5 8. Ne1 Na5 9. e4 Bd7 10. Qe2 c5 11. dxc5 dxc5 12. Nc2 e5 13. Be3 b6 14. Rad1 Nc6 15. Nd5 Nxd5 16. cxd5 Nd4 17. Nxd4 cxd4 18. Bd2 a6 19. Rfe1 Bb5 20. Qf3 f5 21. Bb4 Rf7 22. Bf1 Qd7 23. Bh3 fxe4 24. Bxd7 exf3 25. Be6 Be2 26. Rc1 Bf8 27. Bd2 Kg7 28. Bxf7 Kxf7 29. Rc6 Rd8 30. Rec1 Rxd5 31. Rxb6 Rd7 32. h4 Be7 33. Kh2 Bd8 34. Rbc6 Bb5 35. R6c5 Ke6 36. b3 Be7 37. Rc8 Ba3 38. Re1 Be2 39. g4 Kd5 40. Kg3 Ke4 41. Ba5 Kd3 42. g5 Rd5 43. Bb6 e4 44. Re8 Bd6+ 45. Kh3 e3 46. Bxd4 Rxd4 47. Rxe3+ Kd2 48. Rg1 Bb5 49. Rxf3 Bd7+ 0-1

[Event "Djenovici TS10 IM 3rd"]
[Site "Djenovici"]
[Date "2019.10.24"]
[Round "6"]
[White "Stigar, Petter"]
[Black "Suta, Andraz"]
[Result "1/2-1/2"]
[WhiteElo "2225"]
[BlackElo "2277"]
[PlyCount "47"]
[EventDate "2019.10.19"]
[EventType "tourn"]
[EventRounds "9"]
[EventCountry "MNE"]
[EventCategory "1"]
[SourceTitle "CBM 192 Extra"]
[Source "Chessbase"]
[SourceDate "2019.11.06"]
[SourceVersion "1"]
[SourceVersionDate "2019.11.06"]
[SourceQuality "1"]

1. d4 Nf6 2. Nf3 d5 3. c4 e6 4. Nc3 Be7 5. Bf4 0-0 6. e3 Nbd7 7. cxd5 Nxd5 8. Nxd5 exd5 9. Bd3 c6 10. 0-0 Re8 11. Qc2 Nf8 12. h3 g6 13. Rab1 a5 14. a3 Ne6 15. Be5 f6 16. Bh2 a4 17. Rfe1 Bd6 18. Bxd6 Qxd6 19. e4 dxe4 20. Rxe4 Bd7 21. Rbe1 Kg7 22. Bc4 b5 23. Bxe6 Bxe6 24. Qc3 1/2-1/2

[Event "Olomouc GM 22nd"]
[Site "Olomouc"]
[Date "2019.08.16"]
[Round "8"]
[White "Arkell, Keith C"]
[Black "Stigar, Petter"]
[Result "1-0"]
[WhiteElo "2445"]
[BlackElo "2207"]
[PlyCount "69"]
[EventDate "2019.08.10"]
[EventType "tourn"]
[EventRounds "9"]
[EventCountry "CZE"]
[EventCategory "6"]
[SourceTitle "CBM 191 Extra"]
[Source "ChessBase"]
[SourceDate "2019.09.30"]
[SourceVersion "1"]
[SourceVersionDate "2019.09.30"]
[SourceQuality "1"]

1. c4 Nf6 2. Nc3 e6 3. Nf3 d5 4. cxd5 exd5 5. d4 c6 6. Bg5 h6 7. Bh4 Bf5 8. e3 Nbd7 9. Ne5 Be7 10. Bd3 Bxd3 11. Nxd3 Ne4 12. Bxe7 Qxe7 13. Rc1 0-0 14. Nxe4 Qxe4 15. 0-0 Rfe8 16. b4 Nb6 17. Nc5 Qe7 18. a4 a6 19. Re1 Rad8 20. b5 axb5 21. axb5 Qc7 22. g3 Ra8 23. Re2 Rec8 24. bxc6 bxc6 25. Rb2 Ra7 26. Rcb1 Nc4 27. Rb7 Rxb7 28. Rxb7 Qd6 29. Qb1 g6 30. Kg2 Rd8 31. h4 h5 32. Nd3 Ra8 33. Nf4 Nd2 34. Qb2 Ne4 35. Rxf7 1-0

[Event "Budapest FS04 IM"]
[Site "Budapest"]
[Date "2019.04.07"]
[Round "8"]
[White "Farkas, Tibor"]
[Black "Stigar, Petter"]
[Result "1/2-1/2"]
[WhiteElo "2313"]
[BlackElo "2199"]
[PlyCount "50"]
[EventDate "2019.03.30"]
[EventType "tourn"]
[EventRounds "9"]
[EventCountry "HUN"]
[SourceTitle "CBM 189 Extra"]
[Source "ChessBase"]
[SourceDate "2019.06.03"]
[SourceVersion "1"]
[SourceVersionDate "2019.06.03"]
[SourceQuality "1"]

1. c4 c5 2. Nc3 g6 3. g3 Bg7 4. Bg2 Nc6 5. e3 e6 6. Nge2 Nge7 7. d4 cxd4 8. Nxd4 Nxd4 9. exd4 d5 10. cxd5 Nxd5 11. Nxd5 exd5 12. 0-0 0-0 13. Be3 Be6 14. Qd2 Qd7 15. Rac1 Rfc8 16. Rfd1 a6 17. h4 h5 18. a3 Rxc1 19. Rxc1 Rc8 20. Bf3 Rxc1+ 21. Qxc1 Bg4 22. Bg2 Be6 23. Bf3 Bg4 24. Bg2 Be6 25. Bf3 Bg4 1/2-1/2

[Event "Budapest FS04 IM"]
[Site "Budapest"]
[Date "2019.04.03"]
[Round "5"]
[White "Vantika, Agrawal"]
[Black "Stigar, Petter"]
[Result "1/2-1/2"]
[WhiteElo "2171"]
[BlackElo "2199"]
[PlyCount "60"]
[EventDate "2019.03.30"]
[EventType "tourn"]
[EventRounds "9"]
[EventCountry "HUN"]
[SourceTitle "CBM 189 Extra"]
[Source "ChessBase"]
[SourceDate "2019.06.03"]
[SourceVersion "1"]
[SourceVersionDate "2019.06.03"]
[SourceQuality "1"]

1. d4 d5 2. c4 e6 3. Nf3 Nf6 4. g3 Bb4+ 5. Nbd2 0-0 6. Bg2 b6 7. 0-0 Bb7 8. Ne5 Qc8 9. Ndf3 dxc4 10. Nxc4 Bd5 11. Nce5 Qb7 12. Bf4 Bd6 13. Rc1 Na6 14. Nd3 Rac8 15. Qa4 Rfd8 16. b4 Nb8 17. Rfd1 h6 18. h4 a6 19. Qc2 Be4 20. Qb3 Bd5 21. Qb2 Nbd7 22. a4 Nf8 23. b5 a5 24. Nde5 Bxe5 25. Bxe5 Ng4 26. Bf4 Ng6 27. Bd2 Ne7 28. Bf4 Ng6 29. Bd2 Ne7 30. Bf4 Ng6 1/2-1/2

[Event "Marianske Lazne IM-B2 18th"]
[Site "Marianske Lazne"]
[Date "2019.01.26"]
[Round "9"]
[White "Jurek, Josef"]
[Black "Stigar, Petter"]
[Result "1/2-1/2"]
[WhiteElo "2273"]
[BlackElo "2177"]
[PlyCount "45"]
[EventDate "2019.01.19"]
[EventType "tourn"]
[EventRounds "9"]
[EventCountry "CZE"]
[EventCategory "1"]
[SourceTitle "CBM 188 Extra"]
[Source "ChessBase"]
[SourceDate "2019.02.26"]
[SourceVersion "1"]
[SourceVersionDate "2019.02.26"]
[SourceQuality "1"]

1. c4 e6 2. Nc3 d5 3. d4 Nf6 4. Bg5 Be7 5. e3 Nbd7 6. Nf3 h6 7. Bh4 0-0 8. Rc1 c5 9. cxd5 Nxd5 10. Bxe7 Nxe7 11. Bb5 cxd4 12. Qxd4 Nf6 13. 0-0 a6 14. Be2 Qxd4 15. Nxd4 Bd7 16. Bf3 Rab8 17. Rfd1 Rfc8 18. Kf1 Kf8 19. Ke1 Rc7 20. Ne4 Rxc1 21. Rxc1 Nxe4 22. Bxe4 Rc8 23. Rxc8+ 1/2-1/2

[Event "Marianske Lazne IM-B2 18th"]
[Site "Marianske Lazne"]
[Date "2019.01.20"]
[Round "2"]
[White "Lukasiewicz, Krzysztof"]
[Black "Stigar, Petter"]
[Result "1/2-1/2"]
[WhiteElo "2223"]
[BlackElo "2177"]
[PlyCount "73"]
[EventDate "2019.01.19"]
[EventType "tourn"]
[EventRounds "9"]
[EventCountry "CZE"]
[EventCategory "1"]
[SourceTitle "CBM 188 Extra"]
[Source "ChessBase"]
[SourceDate "2019.02.26"]
[SourceVersion "1"]
[SourceVersionDate "2019.02.26"]
[SourceQuality "1"]

1. e4 e6 2. d4 d5 3. Nd2 c5 4. exd5 Qxd5 5. Ngf3 cxd4 6. Bc4 Qd6 7. 0-0 Nf6 8. Nb3 Nc6 9. Nbxd4 Nxd4 10. Nxd4 Be7 11. c3 0-0 12. Qf3 Qc7 13. Bd3 Bd7 14. Re1 Rfe8 15. Bf4 Bd6 16. Bxd6 Qxd6 17. Rad1 Qb6 18. Rd2 Rad8 19. Qg3 Bc6 20. Nxc6 Qxc6 21. Red1 Qb6 22. Qh4 h6 23. Qa4 a6 24. h3 Qc7 25. c4 e5 26. Bf1 Rxd2 27. Rxd2 e4 28. Qb4 e3 29. fxe3 Qg3 30. Re2 Rxe3 31. Qd2 Rxe2 32. Qxe2 Qf4 33. Qf2 Qc1 34. Qd4 Qe1 35. Qf2 Qc1 36. Qd4 Qe1 37. Qf2 1/2-1/2

[Event "London Classic op 10th"]
[Site "London"]
[Date "2018.12.15"]
[Round "8"]
[White "Stigar, Petter"]
[Black "Grigoryan, Meri"]
[Result "1-0"]
[WhiteElo "2171"]
[BlackElo "2054"]
[PlyCount "161"]
[EventDate "2018.12.09"]
[EventType "swiss"]
[EventRounds "9"]
[EventCountry "ENG"]
[SourceTitle "CBM 187 Extra"]
[Source "ChessBase"]
[SourceDate "2018.11.04"]
[SourceVersion "1"]
[SourceVersionDate "2018.11.04"]
[SourceQuality "1"]

1. e4 d5 2. exd5 Qxd5 3. Nc3 Qd6 4. d4 Nf6 5. Nf3 a6 6. Bd3 Bg4 7. h3 Bh5 8. Ne4 Nxe4 9. Bxe4 Nc6 10. c3 Bg6 11. Qe2 e6 12. 0-0 Be7 13. Nd2 Qd7 14. Bf3 0-0 15. Nc4 Rad8 16. Bf4 Rfe8 17. Rfd1 Bf8 18. Rd2 Qc8 19. Bxc6 bxc6 20. Ne5 Bd6 21. Rad1 f6 22. Nxg6 hxg6 23. Qe4 Bxf4 24. Qxf4 Qd7 25. a3 Qd6 26. Qg4 Kf7 27. Rd3 Rh8 28. Qe2 Qd5 29. Re3 Ra8 30. Re1 Rhe8 31. Qc2 Rab8 32. R1e2 Qf5 33. Re4 Qb5 34. Qd2 Qd5 35. R4e3 Rbd8 36. Qd3 Qb5 37. Qc2 Qd5 38. Re1 Rb8 39. R3e2 Qf5 40. Qd2 Qd5 41. Qf4 Qd6 42. Qe4 Qd5 43. Qd3 Qb5 44. Qg3 Rbc8 45. Rd2 Qc4 46. Qf4 Re7 47. Re5 Rb8 48. Rc5 Qa4 49. Qe4 Rb6 50. Qc2 Qxc2 51. Rxc2 Rd7 52. f4 Rd5 53. b4 Rxc5 54. dxc5 Rb8 55. Rd2 Ke7 56. Kf2 Ra8 57. Rd3 e5 58. fxe5 fxe5 59. Ke3 Rf8 60. Ke4 Ke6 61. Rf3 Rd8 62. Rg3 Kf6 63. Rd3 Ra8 64. Rd7 Ra7 65. g3 a5 66. h4 axb4 67. axb4 Ra1 68. Rxc7 Re1+ 69. Kf3 e4+ 70. Kf2 Rc1 71. Rxc6+ Kf5 72. b5 Rc2+ 73. Ke1 e3 74. Rc8 Ke4 75. Re8+ Kd3 76. Rd8+ Ke4 77. b6 Rc1+ 78. Rd1 Rxc3 79. b7 Rb3 80. c6 Kf3 81. c7 1-0

[Event "London Classic op 10th"]
[Site "London"]
[Date "2018.12.11"]
[Round "3"]
[White "Stigar, Petter"]
[Black "Ghasi, Ameet K"]
[Result "1/2-1/2"]
[WhiteElo "2171"]
[BlackElo "2498"]
[PlyCount "36"]
[EventDate "2018.12.09"]
[EventType "swiss"]
[EventRounds "9"]
[EventCountry "ENG"]
[SourceTitle "CBM 187 Extra"]
[Source "ChessBase"]
[SourceDate "2018.11.04"]
[SourceVersion "1"]
[SourceVersionDate "2018.11.04"]
[SourceQuality "1"]

1. d4 Nf6 2. c4 g6 3. Nf3 Bg7 4. g3 0-0 5. Bg2 d6 6. 0-0 Nc6 7. Nc3 a6 8. b3 Rb8 9. d5 Na5 10. Bg5 b5 11. cxb5 axb5 12. b4 Nc4 13. Qc1 Ng4 14. Nxb5 Bxa1 15. Qxc4 Bf6 16. Bxf6 exf6 17. Nxc7 Rb7 18. Rc1 Bf5 1/2-1/2

[Event "Olomouc Summmer op 21st"]
[Site "Olomouc"]
[Date "2018.08.12"]
[Round "2"]
[White "Stigar, Petter"]
[Black "Schmuki, Roman"]
[Result "1/2-1/2"]
[WhiteElo "2217"]
[BlackElo "2009"]
[PlyCount "82"]
[EventDate "2018.08.11"]
[EventType "swiss"]
[EventRounds "9"]
[EventCountry "CZE"]
[SourceTitle "CBM 186 Extra"]
[Source "ChessBase"]
[SourceDate "2018.08.24"]
[SourceVersion "1"]
[SourceVersionDate "2018.08.24"]
[SourceQuality "1"]

1. Nf3 Nf6 2. c4 e6 3. g3 d5 4. Bg2 dxc4 5. Qa4+ Nbd7 6. Qxc4 c5 7. Qb3 Bd6 8. 0-0 0-0 9. d3 Qe7 10. Nc3 a6 11. a4 h6 12. a5 Nb8 13. Nd2 Nc6 14. Bxc6 bxc6 15. Nc4 Rb8 16. Qa3 Bc7 17. Be3 Nd7 18. Qa4 Rb5 19. Qc2 e5 20. Nxb5 cxb5 21. Nb6 Bxb6 22. axb6 Bb7 23. Rfc1 Rc8 24. Ra3 b4 25. Ra5 e4 26. dxe4 Bxe4 27. Qc4 Bb7 28. Qh4 Qe5 29. Qg4 f5 30. Qc4+ Kh7 31. Qc2 Qd5 32. f3 Re8 33. Bf2 Re5 34. Kf1 Qe6 35. Rd1 b3 36. Qd2 Nxb6 37. Rxc5 Nc4 38. Rxc4 Qxc4 39. Bd4 Rd5 40. Kf2 Qc2 41. Ke3 Qc6 1/2-1/2